Statistiche per Paesi più Grandi del Mondo in Ordine

Clicka qui per fare il quiz!

Statistiche generali

  • Questo quiz è stato fatto 28 volte
  • Il punteggio medio è 13 su 20

Statistiche sulle risposte

SuperficiePaese% Corretto
17,098,242Russia
100%
9,984,670Canada
86%
9,640,821Cina
86%
7,692,024Australia
79%
8,514,877Brasile
79%
3,287,590India
79%
9,526,468Stati Uniti
79%
2,780,400Argentina
71%
2,381,741Algeria
64%
2,149,690Arabia Saudita
64%
1,564,110Mongolia
64%
1,904,569Indonesia
57%
1,648,195Iran
57%
2,724,900Kazakistan
57%
1,759,540Libia
57%
1,964,375Messico
57%
1,285,216Perù
50%
2,344,858Rep. Dem. del Congo
50%
1,886,068Sudan
50%
1,284,000Ciad
43%

Distribuzione punteggi

Percentile per numero di risposta

Percentuale di utenti per punteggio

I tuoi punteggi nel tempo

Non hai fatto questo quiz